Eva L. Woodworth Cullis autograph collection, (Record no. 43376)

MARC details
000 -LEADER
fixed length control field 00804cpcaa2200241 4500
001 - CONTROL NUMBER
control field mm 82004048
003 - CONTROL NUMBER IDENTIFIER
control field DLC
005 - DATE AND TIME OF LATEST TRANSACTION
control field 20260227111711.0
008 - FIXED-LENGTH DATA ELEMENTS--GENERAL INFORMATION
fixed length control field 821130|||||||||||| eng
010 ## - LIBRARY OF CONGRESS CONTROL NUMBER
LC control number mm 82004048
040 ## - CATALOGING SOURCE
Original cataloging agency DLC
Transcribing agency DLC
Description conventions dacs
Modifying agency DLC
072 #7 - SUBJECT CATEGORY CODE
Subject category code L
Source lcmd
100 1# - MAIN ENTRY--PERSONAL NAME
Personal name Cullis, Eva L. Woodworth.
245 00 - TITLE STATEMENT
Title Eva L. Woodworth Cullis autograph collection,
Inclusive dates 1944-1946.
300 ## - PHYSICAL DESCRIPTION
Extent 55
Type of unit items.
506 0# - RESTRICTIONS ON ACCESS NOTE
Terms governing access Open to research.
545 0# - BIOGRAPHICAL OR HISTORICAL DATA
Biographical or historical data Musician.
546 ## - LANGUAGE NOTE
Language note Collection material in English.
580 ## - LINKING ENTRY COMPLEXITY NOTE
Linking entry complexity note Forms part of: Miscellaneous Manuscripts collection.
656 #7 - INDEX TERM--OCCUPATION
Occupation Musicians.
Source of term itoamc

No items available.

Powered by Koha